000 01830nam2a2200397 4500
001 v19\rc\1710114
005 20250619033514.0
035 _a(NLR Aleph) 004810109
090 _a4919458
_c4919458
100 _a20061002d1899 |||y0rusy50 ca
101 0 _arus
102 _aRU
105 _ay z |||||
135 _acrcn 024anaba
200 1 _aСемейное воспитание в Финляндии
_f[соч.] Н. Н. Переселенцевой
210 _d1899
_aБ. м.
215 _a32 с.
325 _aКопия доступна в Электрон. б-ке РНБ
461 0 _1001v19\rc\1309677
_12001#$aЭнциклопедия семейного воспитания и обучения$fРодительский кружок при Пед. музее в.-уч. зав. в Спб.$gредактор П. Каптерев$vВып. 12
_95343585
_cСанкт-Петербург
_d1898-1910
_fРодительский кружок при Пед. музее в.-уч. зав. в Спб.
_nТип. Е. Евдокимова
_tЭнциклопедия семейного воспитания и обучения
_vВып. 12
701 1 _aПереселенцева
_bН. Н.
801 0 _aRU
_bNLR
_gpsbo
801 0 _aRU
_bRuMoRGB
_2psbo
801 1 _aRU
_bProSoft-M
_2rusmarc
852 _aNLR
_j130/584(12)
852 _aNLR
_j38.78.6.75(12)
899 _aRuMoRGB
_jS 97/50
899 _aRuMoRGB
_jV 214/118
899 _aRuMoRGB
_jE 82/1319 (вып. 12)
899 _aБАН
899 _aГПИБ
942 _cBOOK
980 _aNB
981 2 2 _a(22) Материалы по истории России
_b(22) Культура. Наука. Просвещение.